000
00280nam a22001217a 4500
008
181221b xxu||||| |||| 00| 0 eng d
041
_a
eng
080
_a
616.8
100
_a
7
101
_a
NEU
245
_a
Recent Advances in Parkinson's Disease
_c
Dowell.F.H
942
_2
udc
_c
BK
999
_c
53631
_d
53631